| 000 | 01840cam a22004934i 4500 | ||
|---|---|---|---|
| 003 | PE-LiUPU | ||
| 005 | 20260407114906.0 | ||
| 008 | 150706s r 000 0 d | ||
| 020 | _a9788482678368 | ||
| 035 | _a(Sirsi) i9788482678368 | ||
| 040 |
_aPE-LiUPU _bspa _cPE-LiUPU _erda |
||
| 049 | _aPRUA | ||
| 082 | 0 | 4 |
_a230.092 _bS97 _221 |
| 100 | 1 |
_aSvensson, Manfred, _eautor. |
|
| 245 | 1 | 0 |
_aPolemizar, aclarar, edificar : _bel pensamiento de Søren Kierkegaard / _cManfred Svensson. |
| 264 | 1 |
_aBarcelona, España : _bCLIE, _c2013. |
|
| 300 |
_a211 páginas ; _c21 cm. |
||
| 336 |
_atext _2rdacontent |
||
| 337 |
_aunmediated _2rdamedia |
||
| 338 |
_avolume _2rdacarrier |
||
| 490 | 0 | _aVida y pensamiento | |
| 504 | _aIncluye bibliografía. | ||
| 505 | 0 | _aEstadios en el camino de su vida -- Kierkegaard y su obra como escritor -- La producción seudónima -- Bajo el nombre propio. ¿Comunicación directa? -- Kierkegaard: un clásico peculiar. | |
| 526 | _aSEG42 | ||
| 526 | _aSEG41 | ||
| 526 | _aSEG40 | ||
| 526 | _aSEG39 | ||
| 526 | _aP94 | ||
| 526 | _aP87 | ||
| 526 | _aP86 | ||
| 526 | _aP85 | ||
| 526 | _aP77 | ||
| 526 | _aP76 | ||
| 526 | _aP35 | ||
| 541 | _g001-0000706; | ||
| 600 | 1 |
_aKierkegaard, Søren. _d1813-1855 _xFilosofía cristiana |
|
| 650 | 0 | 0 |
_aFilosofía cristiana _95133 |
| 910 |
_agl _clch _d20131031 |
||
| 942 |
_2ddc _cBOOK |
||
| 949 |
_a230.092 S97 _wDEWEY _c1 _i68497 _lCCODEBUL1 _mBUL _p19.00 _r0 _sY _tBOOK _u2015-7-6 _xTEOLOGIA _PP35 _o.STAFF. Colección General |
||
| 994 |
_aC0 _bPEPRU |
||
| 596 | _a1 | ||
| 999 |
_a230.092 S97 _wDEWEY _c55879 _i68497 _d55879 _e2018-9-27 _f2021-11-9 _g6 _lCCODEBUL1 _mBUL _n1 _p19.00 _r0 _sY _tBOOK _u2015-7-6 _xTEOLOGIA _PP35 _0COMPRA _o.STAFF. Colección General |
||
| 980 |
_818226 _gJaime Vilcazán Jefe de Análisis Documental |
||